00535nam a2200169Ia 4500003000900000008004100009020002200050040001600072080002000088100002300108245009800131260007200229300001500301650002100316650001100337650001700348IN-BaIIA211028s9999 xx 000 0 eng d a978-0-819-43698-6 cIIA Library a621.317.31bJAN aJanesick, James R. 0aScientific charge-coupled devicescJames R. Janesick  aWashingtonbThe International Society for Optical Engineeringc2001 axvi, 906p. aComet landscapes aComets aHalley comet